000 00940nam a2200253 i 4500
001 176772
003 ES-MaACL
005 20230906220158.0
007 t|
008 110209s2010 sp ao ||||1| spa d
020 _a978-84-00-09240-5
080 _a94(729)
245 0 0 _aHistoria de la República Dominicana /
_ccoordinador, Frank Moya Pons ; equipo editorial, Leida Fernández Prieto, Mª Dolores González Ripoll, Inés Roldán de Montaud.
260 _a[Madrid] :
_bConsejo Superior de Investigaciones Científicas,
_cimp. 2010.
300 _a723, [48] p. de lám. col. y n. :
_bil. bl. y n. ;
_c24 cm.
490 1 _aHistoria de las Antillas ;
_v2
500 _aÍndices.
504 _aBibliografía: p. 661-686.
651 4 _aRepública Dominicana-
_xHistoria.
_9145108
700 0 _aMoya Pons, Frank.
_983976
830 0 _aHistoria de las Antillas ;
_v2
_9191912
852 _aES-MaACL
_jE-14222
999 _c176772
_d176772